000 00912nac a22003130a 4500
001 PT32504
003 AR-LpoUNG
005 20210201005306.0
008 201001s2008||||ag |||||||||||||||||spa d
020 _a9682316693
_c$91
040 _aAR-LpoUNG
_bspa
_eaacr
041 _aspa
044 _aag
082 0 _aR320.3 663v1
100 1 _aBobbio, Norberto
_edir.
245 1 0 _aDiccionario de política a - j
250 _a15§ edición revisada y ampliada
260 _aBuenos Aires :
_bSiglo Veintiuno,
_c2008.
300 _a852 p. :
_btbls., fot
_a(2
_fVolúmenes)
_3Impreso
490 0 _aDiccionario de política
650 4 _aCIENCIA POLITICA
650 4 _aMATERIAL DE REFERENCIA
650 4 _aSISTEMAS POLITICOS COMPARADOS
651 4 _aDOCUMENTOS TEORICOS O METODOLOGICOS
700 1 _aMatteucci, Nicola
_edir.
700 1 _aPasquino, Gianfranco
_edir.
905 _a32504
942 _cLSALA
999 _c49009
_d49009